My experiences in China, (Record no. 76833)

MARC details
000 -LEADER
fixed length control field 00597cam a22002171 4500
001 - CONTROL NUMBER
control field sa 67007884
003 - CONTROL NUMBER IDENTIFIER
control field DLC
005 - DATE AND TIME OF LATEST TRANSACTION
control field 20260227112419.0
008 - FIXED-LENGTH DATA ELEMENTS--GENERAL INFORMATION
fixed length control field 910410s1938 ii 000 0 eng
010 ## - LIBRARY OF CONGRESS CONTROL NUMBER
LC control number sa 67007884
035 ## - SYSTEM CONTROL NUMBER
System control number (OCoLC)27793846
040 ## - CATALOGING SOURCE
Original cataloging agency DLC
Transcribing agency NAlU
Modifying agency DLC
042 ## - AUTHENTICATION CODE
Authentication code premarc
043 ## - GEOGRAPHIC AREA CODE
Geographic area code a-cc---
050 00 - LIBRARY OF CONGRESS CALL NUMBER
Classification number DS777.47
Item number .R58
100 1# - MAIN ENTRY--PERSONAL NAME
Personal name Roy, M. N.
Fuller form of name (Manabendra Nath),
Dates associated with a name 1887-1954.
245 10 - TITLE STATEMENT
Title My experiences in China,
260 ## - PUBLICATION, DISTRIBUTION, ETC.
Place of publication, distribution, etc. Bombay,
Name of publisher, distributor, etc. Renaissance Pub. Co.,
Date of publication, distribution, etc. 1938.
300 ## - PHYSICAL DESCRIPTION
Extent xvi, 97 p.
Dimensions 19 cm.
651 #0 - SUBJECT ADDED ENTRY--GEOGRAPHIC NAME
Geographic name China
General subdivision Politics and government
Chronological subdivision 1912-1949.

No items available.

Powered by Koha